000 01752cam a22004934i 4500
003 PE-LiUPU
005 20250731165518.0
008 150623s1995 pe r 000 0 d
035 _a(Sirsi) a25376
040 _aPE-LiUPU
_bspa
_cPE-LiUPU
_erda
082 0 4 _a016.630 985
_bR717
_221
100 1 _aBlanco Galdós, Oscar,
_eautor.
245 1 0 _aCultivos andinos y la investigación universitaria /
_cOscar Blanco Galdós.
264 1 _aLima :
_bComisión de Coordinación de Tecnología Andina CCTA,
_c1995.
300 _a374 páginas ;
_c21 cm.
336 _atext
_2rdacontent
337 _aunmediated
_2rdamedia
338 _avolume
_2rdacarrier
490 0 _aRecopilación y análisis de bibliografía temática ;
_v7
505 0 _aLos cultivos andinos en la investigación universitaria en el Perú. Tesis recopiladas.
526 _aSEG44
526 _aSEG26
526 _aP151
526 _aP150
526 _aP149
526 _aP146
526 _aP145
526 _aP126
526 _aP125
526 _aP92
526 _aP75
526 _aP74
526 _aP27
526 _aP15
650 0 4 _aCultivos
_xAndes
_vInvestigación.
650 0 4 _aCultivos alimenticios
_zPerú.
650 0 4 _aCultivos alimenticios
_xInvestigación
_zPerú.
700 1 _aMaywa Blanco Zamalloa,
_eautor.
942 _2ddc
_cBOOK
949 _a016.630 985 R71 7
_wDEWEY
_c1
_i50470
_lCCODEBUL1
_mBUL
_p00.00
_r0
_sY
_tBOOK
_u2015-06-24
_xINGENIERIA
_zUNKNOWN
_0COMPRA
_o.STAFF. Colección General
596 _a1
999 _a016.630 985 R71 7
_wDEWEY
_c32290
_i50470
_f2021-11-4
_g5
_lCCODEBUL1
_mBUL
_p10.00
_r0
_sY
_tBOOK
_u2015-6-24
_xBIBLIOTECA
_zUNKNOWN
_0COMPRA
_o.STAFF. Colección General
_d32290
980 _81
_gALBERTO SANCHEZ Responsable de Automatización